Polinomial'nyje bazisy komitantov differencial'nych sistem i ich priloženija v kačestvennoj teorii

Enregistré dans:
Détails bibliographiques
Format: Livre
Langue:russe
Publié: Kišinev Štiincia 1986
Édition:1. izd.
Tags: Ajouter un tag
Pas de tags, Soyez le premier à ajouter un tag!

MARC

LEADER 00000nam a2200000 4500
001 c033263
005 20240201125530.1
041 0 |a rus 
044 |a MD 
245 1 0 |a Polinomial'nyje bazisy komitantov differencial'nych sistem i ich priloženija v kačestvennoj teorii  |c Zodp. red. K.S. Sibirskij 
250 |a 1. izd. 
264 1 |a Kišinev  |b Štiincia  |c 1986 
300 |a 170 s.